¿Quién habla por quién? (Registro nro. 240098)

Detalles MARC
000 -ENCABEZADO
Número de control [NR] 00966 a2200253 4500
005 - FECHA Y HORA DE LA ÚLTIMA TRANSACCIÓN
control field 20150909140105.0
008 - DE LONGITUD FIJA DE DATOS DE ELEMENTOS - INFORMACIÓN GENERAL
Elementos de longitud fija [NR] 140321s2013 ec d gr|||| 000 0 spa d
020 ## - NUMERO INTERNACIONAL NORMALIZADO PARA LIBROS [R]
Número Internacional Normalizado del libro [NR] 9789942135407
040 ## - FUENTE DE CATALOGACION [NR]
Agencia de catalogación original [NR] CO-BoUCM
Idioma de catalogación [NR] spa
Quien Cataloga Jose A. Gerena (modificó)
Quien Clasifica Diana Londoño
041 ## - CODIGO DE IDIOMA [R]
Código de idioma para texto/pista de sonido o título separado [R] Español
245 00 - MENCION DE TITULO [NR]
Título [NR] ¿Quién habla por quién?
Parte restante del título [NR] representatividad y legitimidad de organizaciones y representantes indígenas. Un debate abierto
Mención de responsabilidad, etc. [NR] editado por Sabine Speiser
260 ## - PUBLICACION, DISTRIBUCION, ETC. (PIE DE IMPRENTA) [R]
Lugar de publicación, distribución, etc. [R] Quito (Ecuador)
Nombre del editor, distribuidor, etc. [R] Cooperación alemana
Fecha de publicación, distribución, etc. [R] 2013
300 ## - DESCRIPCION FISICA [R]
Extensión [R] 259 páginas
Otros detalles físicos [NR] cuadros, gráficas
650 #7 - ASIENTO SECUNDARIO DE MATERIA - TERMINO TEMATICO [R]
9 (RLIN) 17334
Término temático o nombre geográfico como elemento de entrada [NR] Indígenas de Ecuador
650 #7 - ASIENTO SECUNDARIO DE MATERIA - TERMINO TEMATICO [R]
9 (RLIN) 19582
Término temático o nombre geográfico como elemento de entrada [NR] Minorías
650 #7 - ASIENTO SECUNDARIO DE MATERIA - TERMINO TEMATICO [R]
9 (RLIN) 7607
Término temático o nombre geográfico como elemento de entrada [NR] Etnología
690 ## - ASUNTO AGREGADO LOCAL DE ENTRADA - TÉRMINO TEMÁTICO (OCLC, RLIN)
9 (RLIN) 42914
Acceso temático local Sociología
700 1# - ASIENTO SECUNDARIO - NOMBRE PERSONAL [R]
Nombre personal [NR] Bremen, Volker von
9 (RLIN) 58613
700 1# - ASIENTO SECUNDARIO - NOMBRE PERSONAL [R]
Nombre personal [NR] Karakras, Ampam
9 (RLIN) 58611
700 1# - ASIENTO SECUNDARIO - NOMBRE PERSONAL [R]
Nombre personal [NR] Rathgeber, Theodor
9 (RLIN) 58612
700 1# - ASIENTO SECUNDARIO - NOMBRE PERSONAL [R]
Nombre personal [NR] Speiser, Sabine
Término de relación [R] editor
9 (RLIN) 58610
942 ## - ELEMENTOS DE ENTRADA AGREGADOS (KOHA)
Tema principal Sociología
Tipo de ítem principal el descrito en 300a Libro
Edición 1
Parte restante de la signatura top. Q64
Sistema de clasificación DEWEY
Clasificación 305.8980866
Existencias
Fecha de último préstamo Total préstamos Signatura topográfica Código de barras Última vez visto Ejemplar Costo de reposición Price effective from Tipo de ítem Perdido Sistema de clasificación Dañado No prestable Tipo de ítem específico Suprimido Ubicación habitual Ubicación actual Localización Fecha de creación Proveedor Forma de adquisición Costo
26/11/2019 1 305.8980866 Q64 100141128 09/12/2025 Ej.1 26000.00 03/03/2014 Libro   DEWEY     Libro   Claustro Claustro 2do piso 03/03/2014 12 Donación 0.00
    305.8980866 Q64 100147289 09/12/2025 Ej.2 26000.00 21/08/2015 Libro   DEWEY     Libro   Claustro Claustro 2do piso 21/08/2015 12 Donación 0.00